000 00266nam a2200097Ia 4500
082 _aZUL J OXFO
245 0 _aUfishi onomlingo
100 _a Oxford, Margie Auckland Park, South Africa, 2011
_954137
942 _cBK
008 210817s9999 xx 000 0 und d
999 _c171396
_d171395